Linear programming with game theory

Պահպանված է:
Մատենագիտական մանրամասներ
Հիմնական հեղինակ: PUNDIR, Sudhir Kumar
Ձևաչափ: Գիրք
Լեզու:անգլերեն
Հրապարակվել է: CBS Publishers 2020
Ցուցիչներ: Ավելացրեք ցուցիչ
Չկան պիտակներ, Եղեք առաջինը, ով նշում է այս գրառումը!

MARC

LEADER 00000nam a22000007a 4500
008 210907b ||||| |||| 00| 0 eng d
020 |a 9789387396331 
100 |a PUNDIR, Sudhir Kumar 
245 |a Linear programming with game theory  |c  Sudhir Kumar Pundir  |g 552p;ill 
260 |b CBS Publishers  |c 2020  |h New Delhi  |i 696910  |i 696711  |l T57.74.P96  |m Linear programming  |m Game theory 
500 |a it includes index 
942 |a lcc  |c BK  |e Johnson  |f 07/09/21 
952 |0 0  |1 0  |2 lcc  |4 0  |6 T005774 P96  |7 0  |9 3420  |a TL  |b HOL  |c QZ  |d 2021-09-07  |l 0  |o T57.74.P96  |p 2021-67127  |r 2021-09-07 00:00:00  |w 2021-09-07  |y BK 
952 |0 0  |1 0  |2 lcc  |4 0  |6 T005774 P96  |7 0  |9 3421  |a HOL  |b HOL  |c QZ  |d 2021-09-07  |l 0  |o T57.74.P96  |p 2021-67128  |r 2021-09-07 00:00:00  |w 2021-09-07  |y BK 
999 |c 1705  |d 1705